000 00570nam a2200205Ia 4500
005 20250326144207.0
008 250326s9999 xx 000 0 und d
020 _a81-7829-435-4
037 _aTextbook
040 _aFMSL
_beng
_cFMSL
041 _aeng
_2eng
084 _aX.44(D2) P5
_qFMSL
100 _aGulati Ashok Au.
_9749222
245 0 _aInstitutional reforms in Indian irrigation
_cGulati Ashok And Others Au.
260 _aNY
_bNY, Sage
_c2005
300 _a322p
365 _b625
942 _cTB
_hX.44(D2) P5
999 _c1302740
_d1302740